00491nam a2200157Ia 4500008004100000040001900041041001200060082002300072100001800095245010600113260003500219300001900254650002300273700002100296850001600317131103s9999 xx 000 0 und d aLoreto College aEnglish aF/NARbLCBED/12980 aNarayan, R.K. aMalgudi Landscapesb The best of R.K.Narayan cR.K.Narayan; edited with an introduction by S.Krishnan aNew DelhibPenguin Booksc1992 a398p. c 20cm. aFiction in English aKrishnan,S.; ed. aLCBED/F/NAR